Battlefront 2 Blasters - Statistics

General Stats
  • This quiz has been taken 55 times
  • The average score is 7 of 16
Answer Stats
Class Blaster % Correct
Assault A280
70%
Heavy TL-50
65%
Specialist NT-242
55%
Specialist CYCLER RIFLE
53%
Assault CR-2
50%
Assault E-11D
50%
Officer SE-44C
43%
Heavy T-21
43%
Officer S-5
38%
Specialist A280-CFE
35%
Officer DL-18
30%
Assault EL-16HFE
30%
Specialist IQA-11
30%
Officer BLURRG-1120
25%
Heavy DC-15LE
25%
Heavy FWMB-10K
23%
No matching quizzes found
Score Distribution
Percent of People with Each Score
Percentile by Number Answered
Your Score History
You have not taken this quiz